Frankreich-Quiz - Statistiken

Allgemein
  • Dieses Quiz wurde 8.025 mal gespielt
  • Das Durchschnittsergebnis liegt bei 13 aus 20
Antwortstatistiken
Frage Antwort % Korrekt
Hauptstadt Paris
100%
Berühmtes Fahrradrennen Tour de France
89%
Bauwerk, das für die Weltausstellung 1889 gebaut wurde {Eiffel}turm
87%
Drittgrößte Stadt Marseille
87%
Weltgrößtes Museum Musée du Louvre
87%
Zweitgrößte Stadt Lyon
82%
Französische Region Südamerikas Französisch-{Guayana}
75%
Höchster Berg Mont Blanc
72%
...und der Palast, in dem er wohnte Versailles
72%
Straße, die der Endpunkt dieses Rennens ist {Champs}-Élysées
71%
Gefängnis, das am 14. Juli 1789 gestürmt wurde Bastille
69%
Revolutionsspruch: Liberté, égalité, ______ Fraternité
61%
Region, die 1944 der Landepunkt des D-Days war Normandie
61%
Monarch, der am längsten regierte Ludwig XIV
60%
Zeitung dessen Titel "Die Welt" bedeutet Le Monde
59%
Römischer Name für Frankreich Gallien
49%
Goldene Blume auf dem königlichen Wappen Lilie
46%
Längster Fluss innerhalb Frankreichs Loire
43%
Dynastie, der er angehörte Bourbon
21%
Französische Nationalfigur Marianne
18%
Keine übereinstimmenden Quizze gefunden
Verteilung der Resultate
Anzahl Personen mit jedem Resultat
Perzentil nach korrekt beantworteten Fragen
Ihre Resultats-Entwicklung
Sie haben dieses Quiz noch nicht gespielt